000 00543nam a22001697a 4500
005 20251108164729.0
008 250721s1991 xx 000 0 ara d
082 1 4 _a808/محم
100 1 _aشاهين، محمد
245 1 0 _aمختارات نقدية من الأدب الغربي الحديث /
264 1 _aبغداد :
_bدار الشؤون الثقافية العامة - آفاق عربية،
_c1991.
300 _a109ص
650 1 7 _aالأدب
650 1 7 _aالمنوعات الأدبية
942 _2ddc
_cBK
999 _c12924
_d12924